Autovías en la Provincia de Sevilla - Estadísticas

Estadísticas generales
  • Esta prueba ha sido intentada 44 veces
  • La puntuación promedio es 6 de 13
Estadísticas de respuestas
Carretera/ Autovía Denominación % Correcto
Autovía del Sur A-4
95%
Circunvalación de Sevilla SE-30
86%
Segunda Circunvalación de Sevilla SE-40
81%
Ronda Urbana Norte de Sevilla SE-20
67%
Autovía del Quinto Centenario A-49
60%
Autovía de Andalucía A-92
60%
Autovía de la Ruta de la Plata A-66
57%
Autovía Sevilla - Utrera A-376
26%
Antigua Carretera Nacional (Bellavista-Los Palacios) N-IV
19%
Autovía Alcalá de Guadaíra - Carmona A-398
10%
Autovía Sevilla - Puebla del Río A-8058
10%
Acceso Norte a Sevilla A-8009
5%
Autovía Sevilla - Mairena del Aljarafe A-8066
2%
No se encontraron pruebas coincidentes
Distribución de puntuación
Porcentaje de gente con cada puntuación
Porcentaje por número respondido
Historial de tus puntuaciones
No has intentado esta prueba.